| 000 | 00429nam a2200181Ia 4500 | ||
|---|---|---|---|
| 001 | 9053 | ||
| 005 | 20260306160655.0 | ||
| 008 | 260306t2022||||xx |||||||||||||| ||spa|| | ||
| 041 | _aESP | ||
| 082 |
_a372.42 _bS21 |
||
| 100 |
_aSanmartin Fenollera, Miguel, _eAUT |
||
| 245 | 0 | _aDe libros, padres e hijos | |
| 260 | _c2022 | ||
| 300 |
_a411 páginas : _c22 cm. |
||
| 650 | _aGEN | ||
| 654 | _aCED | ||
| 942 |
_cLIB _dJUS _fJUS _2ddc _n |
||
| 999 |
_c9053 _d9053 |
||